Second grade success : Everything you need to know to help your child learn
Knowledge Essentials is a remarkable series that will benefit children of all abilities and learning styles. Amy James has taken a close look at curriculum standards and testing around the country and developed simple and creative activities that support what’s being taught at each grade level, whil...
Bewaard in:
| Hoofdauteur: | |
|---|---|
| Formaat: | Boek |
| Taal: | Undetermined |
| Gepubliceerd in: |
San Francisco
Jossey-Bass
2005
|
| Onderwerpen: | |
| Tags: |
Voeg label toe
Geen labels, Wees de eerste die dit record labelt!
|
| Thư viện lưu trữ: | Trung tâm Học liệu Trường Đại học Cần Thơ |
|---|
| LEADER | 01282nam a2200241Ia 4500 | ||
|---|---|---|---|
| 001 | CTU_157198 | ||
| 008 | 210402s9999 xx 000 0 und d | ||
| 020 | |c 11.21 | ||
| 082 | |a 372.241 | ||
| 082 | |b J27 | ||
| 100 | |a James, Amy | ||
| 245 | 0 | |a Second grade success : | |
| 245 | 0 | |b Everything you need to know to help your child learn | |
| 245 | 0 | |c Amy James | |
| 260 | |a San Francisco | ||
| 260 | |b Jossey-Bass | ||
| 260 | |c 2005 | ||
| 520 | |a Knowledge Essentials is a remarkable series that will benefit children of all abilities and learning styles. Amy James has taken a close look at curriculum standards and testing around the country and developed simple and creative activities that support what’s being taught at each grade level, while remaining sensitive to the fact that children learn at different rates and in different ways. I highly recommend it for all parents who want to make a difference in their children’s education." --Michael Gurian, author of Boys and Girls Learn Differently and The Wonder of Boys | ||
| 650 | |a Second grade (Education),Second grade (Education),Education, Elementary | ||
| 650 | |x Curricula,Parent participation | ||
| 650 | |z United States | ||
| 904 | |i Tuyến | ||
| 980 | |a Trung tâm Học liệu Trường Đại học Cần Thơ | ||